| LEADER |
00732nam0a2200193 450 |
| 001 |
16823981 |
| 010 |
|
|
|a 978-2-01-394272-0
|b rel.
|d 14,95
|
| 100 |
|
|
|a 20131126d2026 u u0frey01 ba
|
| 101 |
0 |
|
|a fre
|
| 102 |
|
|
|a FR
|
| 200 |
0 |
|
|a petit elfe Ferme-l'Oeil (Le)
|e 7 contes pour s'endormir
|f Hans Christian Andersen
|g [illustrés par] Eric Puybaret
|
| 207 |
|
1 |
|a
|
| 210 |
|
|
|a Paris
|b 31 rue de Fleurus.
|c Fleurus
|d impr. 2013
|
| 215 |
|
|
|a 1 vol. (non paginé [47] p.)
|c ill., couv. ill.
|d 25 cm
|
| 700 |
|
0 |
|a Andersen
|b Hans Christian
|f 1805-1875
|4 70
|
| 702 |
|
0 |
|a Puybaret
|b Eric
|f 1976-....
|4 440
|
| 900 |
|
|
|a Conte
|
| 901 |
|
|
|a Accessible au prêt
|
| 995 |
|
|
|a Bibliothèque
|c Bibliothèque
|f 024016866
|h 024016866
|k C AND
|o p
|q j
|r az
|e Bibliothèque
|